| 000 | 01316nam0a2200349 4500 | ||
|---|---|---|---|
| 001 | RU\NLR\BIBL_A\021984668 | ||
| 005 | 20230829163338.0 | ||
| 010 |
_a978-5-04-178161-3 _93000 |
||
| 021 |
_aRU _bКН-П-23-038374 _9КН-П-23-3823 |
||
| 035 | _a(NLR Aleph) 021984668 | ||
| 090 |
_a12409330 _c12409330 |
||
| 100 | _a20230720d2023 u y0rusy50 ca | ||
| 101 | 0 | _arus | |
| 102 | _aRU | ||
| 105 | _aа z 000аy | ||
| 181 | 0 |
_ai _baxxe |
|
| 182 | 0 | _an | |
| 200 | 1 |
_aЧто бывало и другие рассказы _e[для среднего школьного возраста] _fБорис Степанович Житков |
|
| 203 |
_aТекст _bвизуальный _cнепосредственный |
||
| 210 |
_aМосква _cЭксмо _d2023 |
||
| 215 |
_a380, [1] с. _cил. _d21 |
||
| 225 | 1 | _aХорошие книги в школе и дома | |
| 225 | 1 | _aКлассика в школе и дома | |
| 327 | 1 | _aСодерж.: Что я видел; Что бывало; Рассказы о животных | |
| 333 | _a6+ | ||
| 686 | 0 | _aШ9(2)62=Р7-4 | |
| 700 | 1 |
_aЖитков _bБ. С. _f1882-1938 _gБорис Степанович _3RU\NLR\AUTH\772100 |
|
| 942 | _cBOOK | ||
| 980 | _aNB | ||